The stars : (Record no. 19527)
[ view plain ]
| 000 -LEADER | |
|---|---|
| fixed length control field | 00962cam a22003015a 4500 |
| 001 - CONTROL NUMBER | |
| control field | 1581043 |
| 005 - DATE AND TIME OF LATEST TRANSACTION | |
| control field | 20240818092956.0 |
| 008 - FIXED-LENGTH DATA ELEMENTS--GENERAL INFORMATION | |
| fixed length control field | 931105t1994 enkadk fr f001 0 eng d |
| 020 ## - INTERNATIONAL STANDARD BOOK NUMBER | |
| International Standard Book Number | 0521458854 (paperback) |
| 020 ## - INTERNATIONAL STANDARD BOOK NUMBER | |
| International Standard Book Number | 9780521458856 |
| 040 ## - CATALOGING SOURCE | |
| Original cataloging agency | DLC |
| Language of cataloging | eng |
| Transcribing agency | DLC |
| Modifying agency | DLC |
| -- | EG-ScBUE |
| 082 04 - DEWEY DECIMAL CLASSIFICATION NUMBER | |
| Classification number | 523.8 |
| Item number | TAY |
| Edition number | 22 |
| 100 1# - MAIN ENTRY--PERSONAL NAME | |
| Personal name | Tayler, R. J. |
| Fuller form of name | (Roger John) |
| 9 (RLIN) | 38140 |
| 245 14 - TITLE STATEMENT | |
| Title | The stars : |
| Remainder of title | their structure and evolution / |
| Statement of responsibility, etc | Roger J. Tayler. |
| 250 ## - EDITION STATEMENT | |
| Edition statement | 2nd ed. |
| 260 ## - PUBLICATION, DISTRIBUTION, ETC. (IMPRINT) | |
| Place of publication, distribution, etc | Cambridge ; |
| -- | New York : |
| Name of publisher, distributor, etc | Cambridge University Press, |
| Date of publication, distribution, etc | c.1994. |
| 300 ## - PHYSICAL DESCRIPTION | |
| Extent | xiii, 241 p. : |
| Other physical details | charts, forms, tables ; |
| Dimensions | 26 cm. |
| 336 ## - | |
| -- | rdacontent |
| -- | text |
| -- | txt |
| 337 ## - | |
| -- | unmediated |
| -- | rdamedia |
| -- | n |
| 338 ## - | |
| -- | volume |
| -- | nc |
| -- | rdacarrier |
| 500 ## - GENERAL NOTE | |
| General note | Index : p. 239-241. |
| 650 #0 - SUBJECT ADDED ENTRY--TOPICAL TERM | |
| Topical term or geographic name as entry element | Stars |
| General subdivision | Structure. |
| Source of heading or term | BUEsh |
| 650 #0 - SUBJECT ADDED ENTRY--TOPICAL TERM | |
| Topical term or geographic name as entry element | Stars |
| General subdivision | Evolution. |
| Source of heading or term | BUEsh |
| 651 ## - SUBJECT ADDED ENTRY--GEOGRAPHIC NAME | |
| Source of heading or term | BUEsh |
| 653 ## - INDEX TERM--UNCONTROLLED | |
| Resource For college | Engineering, General |
| Arrived date list | June2015 |
| 655 ## - INDEX TERM--GENRE/FORM | |
| Form subdivision | |
| -- | 34232 |
| 942 ## - ADDED ENTRY ELEMENTS (KOHA) | |
| Source of classification or shelving scheme | Dewey Decimal Classification |
| Classification part | RDA-MOD |
| Withdrawn status | Lost status | Source of classification or shelving scheme | Damaged status | Not for loan | Koha collection | Home library | Current library | Shelving location | Date acquired | Source of acquisition | Total Checkouts | Full call number | Barcode | Date last seen | Date last borrowed | Koha item type |
|---|---|---|---|---|---|---|---|---|---|---|---|---|---|---|---|---|
| Dewey Decimal Classification | Baccah | Central Library | Central Library | First floor | 09/06/2015 | 1 | 523.8 TAY | 000038450 | 15/07/2025 | 11/11/2015 | Book - Borrowing |